The Sehat Sahulat Health Program: (Record no. 533861)

000 -LEADER
fixed length control field 00654nam a22001817a 4500
020 ## - INTERNATIONAL STANDARD BOOK NUMBER
Qualifying information Hard Cover.
082 ## - DEWEY DECIMAL CLASSIFICATION NUMBER
Classification number 352
100 ## - MAIN ENTRY--PERSONAL NAME
Personal name Durrani, Aleen
245 ## - TITLE STATEMENT
Title The Sehat Sahulat Health Program:
Remainder of title A Preliminary Appraisal /
Statement of responsibility, etc. Aleen Durrani, Aruba Khalid, Ayesha Moeen, Hannan Hussain and Mahnoor Fahim.
260 ## - PUBLICATION, DISTRIBUTION, ETC.
Place of publication, distribution, etc. Islamabad:
Name of publisher, distributor, etc. S3H - NUST,
Date of publication, distribution, etc. 2019.
300 ## - PHYSICAL DESCRIPTION
Extent 344 p. :
Other physical details ill. ;
Dimensions 30cm.
563 ## - BINDING INFORMATION
Binding note HB
650 ## - SUBJECT ADDED ENTRY--TOPICAL TERM
Topical term or geographic name entry element Public Advertisment BS-Project Report.
700 ## - ADDED ENTRY--PERSONAL NAME
Personal name Dr. Rifaat Hussain
856 ## - Uniform Resource Identifier
Uniform Resource Identifier <a href="http://10.250.8.41:8080/xmlui/handle/123456789/3860">http://10.250.8.41:8080/xmlui/handle/123456789/3860</a>
942 ## - ADDED ENTRY ELEMENTS (KOHA)
Source of classification or shelving scheme
Koha item type Project Report
650 ## - SUBJECT ADDED ENTRY--TOPICAL TERM
-- 27882
700 ## - ADDED ENTRY--PERSONAL NAME
-- 27883
Holdings
Withdrawn status Lost status Source of classification or shelving scheme Damaged status Not for loan Permanent Location Current Location Shelving location Date acquired Full call number Barcode Date last seen Price effective from Koha item type
WITHDRAWN         Central Library (CL) Central Library (CL) Thesis 01/22/2020 352 CL-BP-2 01/22/2020 01/22/2020 Thesis
© 2023 Central Library, National University of Sciences and Technology. All Rights Reserved.